| 000 -LEADER |
| fixed length control field |
00822cam a22002534a 4500 |
| 001 - CONTROL NUMBER |
| control field |
11452 |
| 003 - CONTROL NUMBER IDENTIFIER |
| control field |
BD-DhUAP |
| 005 - DATE AND TIME OF LATEST TRANSACTION |
| control field |
20201129145154.0 |
| 008 - FIXED-LENGTH DATA ELEMENTS--GENERAL INFORMATION |
| fixed length control field |
201129r20062004bg a b 001 0 eng |
| 040 ## - CATALOGING SOURCE |
| Original cataloging agency |
DLC |
| Transcribing agency |
DLC |
| Modifying agency |
BD-DhUAP |
| Language of cataloging |
eng |
| 082 ## - DEWEY DECIMAL CLASSIFICATION NUMBER |
| Edition number |
23 |
| Classification number |
615.1 MED |
| 245 00 - TITLE STATEMENT |
| Title |
Medical pharmacology : |
| Remainder of title |
a comprehensive guidebook for medical students and doctors / |
| Statement of responsibility, etc. |
Edited by Aminul Rahman Azad. |
| 250 ## - EDITION STATEMENT |
| Edition statement |
7th ed. |
| 260 ## - PUBLICATION, DISTRIBUTION, ETC. |
| Place of publication, distribution, etc. |
Chittagong : |
| Name of publisher, distributor, etc. |
Vision publication, |
| Date of publication, distribution, etc. |
c2004 [Reprinted 2006]. |
| 300 ## - PHYSICAL DESCRIPTION |
| Extent |
viii, 646 pages : |
| Other physical details |
illustrations ; |
| Dimensions |
26 cm. |
| 490 ## - SERIES STATEMENT |
| Series statement |
The vision medical series |
| 500 ## - GENERAL NOTE |
| General note |
Based on new curriculum. |
| 504 ## - BIBLIOGRAPHY, ETC. NOTE |
| Bibliography, etc. note |
Includes index. |
| 650 #0 - SUBJECT ADDED ENTRY--TOPICAL TERM |
| Topical term or geographic name entry element |
Pharmacology. |
| 650 #0 - SUBJECT ADDED ENTRY--TOPICAL TERM |
| Topical term or geographic name entry element |
Clinical pharmacology. |
| 650 #0 - SUBJECT ADDED ENTRY--TOPICAL TERM |
| Topical term or geographic name entry element |
Pharmaceutical technology. |
| 700 ## - ADDED ENTRY--PERSONAL NAME |
| Personal name |
Azad, Aminul Rahman. |
| 942 ## - ADDED ENTRY ELEMENTS (KOHA) |
| Source of classification or shelving scheme |
|
| Koha item type |
Book |